000 01825nam a2200409 c 4500
001 17539
003 ES-MaCES
005 20141221122504.0
008 050513s2004 sp d o000 | spa d
017 _aBI 3083-2004
_bDL
020 _a8484171728
024 7 _a201-04-091-8
_2nipo
035 _aCES20050004543m
040 _aES-MaCES
_bspa
_cES-MaCES
245 0 3 _aLa negociación colectiva en la industria del papel y en el sector de artes gráficas
_ced. preparada por la Comisión Consultiva Nacional de Convenios Colectivos ; directora, M. F. Fernández López ; autores, F.J. Calvo Gallego ... [et al.]
260 _aMadrid
_bMinisterio de Trabajo y Asuntos Sociales, Subdirección General de Información Administrativa y Publicaciones
_c[2004]
300 _a600 p.
_bgráf. bl. y n.
_c22 cm
490 1 _aColección Informes y estudios. Serie Relaciones laborales
_v67
541 _cGratuito
650 4 _anegociación colectiva
_928362
650 4 _aconvenio colectivo
_928361
650 4 _acondiciones de trabajo
_928327
650 4 _acondiciones de empleo
_930040
650 4 _aindustria de pulpa y papel
_927700
650 4 _aindustrias gráficas
_927881
650 4 _aobrero de artes gráficas
_928443
650 4 _aEspaña
_926964
653 1 0 _aRelaciones laborales-Empleo
700 1 _aCalvo Gallego, Francisco Javier
_98760
700 1 _aFernández López, María Fernanda
_edir.
_911905
710 1 _aEspaña
_bMinisterio de Trabajo y Asuntos Sociales
_eed.
_93273
710 1 _aComisión Consultiva Nacional de Convenios Colectivos (España)
_92011
830 0 _aColección Informes y estudios (España. Ministerio de Trabajo y Asuntos Sociales)
_pSerie Relaciones laborales
_v67
_932527
902 _aLIB Libro
942 _2CES
_cBK
_h2.0.
999 _c17539
_d17539